[Event "Lvov Christmas op"]
[Site "Lvov"]
[Date "2022.12.30"]
[Round "4"]
[White "Serbin, Mykola"]
[Black "Popovich, Sviatoslav"]
[Result "0-1"]
[WhiteElo "1080"]
[BlackElo "2153"]
[PlyCount "68"]
[EventDate "2022.12.30"]
[EventType "swiss (rapid)"]
[EventRounds "7"]
[EventCountry "UKR"]
[SourceTitle "CBM 211 Extra"]
[Source "ChessBase"]
[SourceDate "2023.01.31"]
[SourceVersion "1"]
[SourceVersionDate "2023.01.31"]
[SourceQuality "1"]

1. d4 Nf6 2. Nc3 d5 3. Bf4 Bf5 4. f3 c6 5. e3 h6 6. g4 Bg6 7. h4 e6 8. Bd3 Bxd3 9. Qxd3 Nbd7 10. Nge2 Qa5 11. 0-0-0 g6 12. g5 Nh5 13. e4 0-0-0 14. exd5 Nxf4 15. Nxf4 exd5 16. Kb1 hxg5 17. hxg5 Be7 18. Rhg1 Bd6 19. Rg4 Rde8 20. Nce2 Qd8 21. Rdg1 Qe7 22. a3 Rh2 23. R4g2 Rh4 24. Rg4 Reh8 25. Qd2 Nb6 26. Qe1 Rxg4 27. Rxg4 Bxf4 28. Rxf4 Rh2 29. Rh4 Rxe2 30. Rh8+ Kc7 31. Qg3+ Qd6 32. Qg4 Re7 33. a4 a5 34. c3 Nd7 0-1